New horizons of computational science (Record no. 14543)
[ view plain ]
| 000 -LEADER | |
|---|---|
| fixed length control field | 00851nam a2200229Ia 4500 |
| 003 - CONTROL NUMBER IDENTIFIER | |
| control field | IN-BaIIA |
| 008 - FIXED-LENGTH DATA ELEMENTS--GENERAL INFORMATION | |
| fixed length control field | 211028s9999 xx 000 0 eng d |
| 020 ## - INTERNATIONAL STANDARD BOOK NUMBER | |
| International Standard Book Number | 0-7923-6822-4 |
| 040 ## - CATALOGING SOURCE | |
| Transcribing agency | IIA Library |
| 080 ## - UNIVERSAL DECIMAL CLASSIFICATION NUMBER | |
| Universal Decimal Classification number | 52(082.1) |
| Item number | ASS-263 |
| 111 ## - MAIN ENTRY--MEETING NAME | |
| Meeting name or jurisdiction name as entry element | International Symposium on Supercomputing |
| Location of meeting | Tokyo, Japan |
| Date of meeting or treaty signing | 1997 Sept. 1-3 |
| 9 (RLIN) | 25845 |
| 245 #0 - TITLE STATEMENT | |
| Title | New horizons of computational science |
| Remainder of title | proceedings of the International symposium on supercomputing Tokyo, Japan, September 1-3, 1997 |
| Statement of responsibility, etc. | edited by T. Ebisuzaki and J. Makino |
| 260 ## - PUBLICATION, DISTRIBUTION, ETC. | |
| Place of publication, distribution, etc. | Dordrecht |
| Name of publisher, distributor, etc. | Kluwer Academic |
| Date of publication, distribution, etc. | 2001 |
| 300 ## - PHYSICAL DESCRIPTION | |
| Extent | 312p. |
| 490 ## - SERIES STATEMENT | |
| Series statement | Astrophysics and space science library; v. 263 |
| 650 ## - SUBJECT ADDED ENTRY--TOPICAL TERM | |
| Topical term or geographic name entry element | Biophysics |
| 9 (RLIN) | 11044 |
| 650 ## - SUBJECT ADDED ENTRY--TOPICAL TERM | |
| Topical term or geographic name entry element | Computational science |
| 9 (RLIN) | 25846 |
| 650 ## - SUBJECT ADDED ENTRY--TOPICAL TERM | |
| Topical term or geographic name entry element | Stellar dynamics |
| 700 ## - ADDED ENTRY--PERSONAL NAME | |
| Personal name | Ebisuzaki, T., ed. |
| 9 (RLIN) | 24004 |
| 700 ## - ADDED ENTRY--PERSONAL NAME | |
| Personal name | Makino, J., ed. |
| 9 (RLIN) | 25847 |
| 942 ## - ADDED ENTRY ELEMENTS (KOHA) | |
| Koha item type | Books |
| Withdrawn status | Lost status | Damaged status | Not for loan | Home library | Current library | Shelving location | Date acquired | Cost, normal purchase price | Total Checkouts | Full call number | Barcode | Date last seen | Cost, replacement price | Price effective from | Koha item type | Purchase Price |
|---|---|---|---|---|---|---|---|---|---|---|---|---|---|---|---|---|
| IIA Library-Bangalore | IIA Library-Bangalore | General Stacks | 27/03/2002 | 4829.44 | 52(082.1)/ ASS-263 | 15465 | 05/11/2021 | 4829.44 | 27/03/2002 | Books | Rs. 4829.44 |